|
|
|
|
| LEADER |
00000cam a2200000 7i4500 |
| 001 |
0000006162 |
| 002 |
000006653 |
| 005 |
20000330.0 |
| 020 |
|
|
|a 9839817396
|
| 090 |
0 |
0 |
|a JF
|b CER
|
| 245 |
0 |
0 |
|a Cerita dongeng Kalimantan :
|b burung hantu yang tidak mengenang budi
|c cerita semula oleh Johnny Ong
|
| 260 |
|
|
|a P.Jaya :
|b Didika ,
|c 1995
|
| 300 |
|
|
|a 24p. :
|b ill ;
|c 20cm.
|
| 490 |
0 |
|
|a Sirri Bacaan Rintis
|
| 650 |
0 |
0 |
|a Children's stories, Malay
|
| 999 |
|
|
|a 046154
|b BUKU
|c PINJAMAN
|e PERPUSTAKAAN KOMUNITI CAW KOTA DAMANSARA
|
| 999 |
|
|
|a 046155
|b BUKU
|c PINJAMAN
|e PERPUSTAKAAN KOMUNITI CAW KOTA DAMANSARA
|